The soul-winner. (Record no. 11001)

000 -LEADER
fixed length control field 00619nam a2200193 a 4500
001 - CONTROL NUMBER
control field :::00008794$&:&@@
003 - CONTROL NUMBER IDENTIFIER
control field OkBaRHE
005 - DATE AND TIME OF LATEST TRANSACTION
control field 20000607103346.0
008 - FIXED-LENGTH DATA ELEMENTS--GENERAL INFORMATION
fixed length control field s1897 j 000 0 eng u
040 ## - CATALOGING SOURCE
Transcribing agency
100 1# - MAIN ENTRY--PERSONAL NAME
Personal name Spurgeon, Charles Haddon.
245 14 - TITLE STATEMENT
Title The soul-winner.
260 ## - PUBLICATION, DISTRIBUTION, ETC. (IMPRINT)
Place of publication, distribution, etc London, UK:ENG., :
Name of publisher, distributor, etc Passmore & Alabaster
Date of publication, distribution, etc 1897
300 ## - PHYSICAL DESCRIPTION
Extent 343 p.
650 ## - SUBJECT ADDED ENTRY--TOPICAL TERM
Topical term or geographic name as entry element Evangelism
942 ## - ADDED ENTRY ELEMENTS (KOHA)
Source of classification or shelving scheme
Koha item type Books
Copies
Permanent Location Shelving location Price effective from Lost status Damaged status Date last seen Withdrawn status Date acquired Barcode Source of classification or shelving scheme Not for loan Full call number Koha item type Copy number
RHEMA Bible Training CollegeGeneral Stacks2010-04-14  2010-04-14 2010-04-148794  BV 3795 .S6Books1
RHEMA Bible Training CollegeGeneral Stacks2010-04-14  2010-04-14 2010-04-1420687  BV 3795 .S6Books2